A "Behdset-ül-Lugat" czimű [!című] csagatáj szótár
Elmentve itt :
| Szerző: | |
|---|---|
| Dokumentumtípus: | Cikk |
| Megjelent: |
1903
|
| Sorozat: | Kolligátum
|
| Kulcsszavak: | Török nyelv - 19. sz. - csagatáj - szótár |
| Online Access: | http://misc.bibl.u-szeged.hu/26167 |
| LEADER | 00586nab a2200169 i 4500 | ||
|---|---|---|---|
| 001 | misc26167 | ||
| 005 | 20191111110610.0 | ||
| 008 | 170801s1903 hu o 0|| zxx d | ||
| 040 | |a SZTE Miscellanea Repozitórium |b hun | ||
| 041 | |a zxx | ||
| 100 | 1 | |a Thúry József | |
| 245 | 1 | 2 | |a A "Behdset-ül-Lugat" czimű [!című] csagatáj szótár |h [elektronikus dokumentum] / |c Thúry József |
| 260 | |c 1903 | ||
| 300 | |a 1-66, [2] | ||
| 490 | 0 | |a Kolligátum | |
| 695 | |a Török nyelv - 19. sz. - csagatáj - szótár | ||
| 856 | 4 | 0 | |u http://misc.bibl.u-szeged.hu/26167/1/018_024_001-066.pdf |z Dokumentum-elérés |